000 00914aam a2200325 i 4500
001 768714001
003 CO-MdFUSB
005 20250521145229.0
007 ta
008 250521t1981 -us |||| |||| 00| 0 spa d
020 _a0-311-46063-1
040 _cCO-MdFUSB
041 0 _aspa
_heng
082 0 4 _223
_a248.4
_bH1451w
100 1 _aHaggai, John Edmund
_eautor
240 _aHow to win over worry
245 1 0 _aVictoria sobre las preocupaciones
_c/ John Edmund Haggai ; traducido por Donald L. Levy
250 _aseptima edición
264 1 _bMundo Hispano,
_aUSA :
_c[1981]
264 4 _c©1981
300 _a96 páginas
336 _atexto
_btxt
_2rdacontent
337 _2rdamedia
_asin mediación
_bn
338 _2rdacarrier
_avolumen
_bnc
563 _aRústico
650 0 _aVida cristiana
_919
700 _aLevy, Donald L.,
_911556
_etraductor
942 _cBK
945 _aJTF-925
999 _c36141
_d36141